000
00277nam a2200109Ia 4500
008
200302s9999 xx 000 0 und d
100
_a
Susan Alyson Stein
245
_a
Van Gogh A Retrospective
260
_b
Hugh Larter Levin Asoociates Inc.
260
_c
1986
300
_a
385 P.,
999
_c
1596
_d
1596